000 01311cam a22003617a 4500
003 CHAP
005 20220329132909.0
008 971010s1989 r 00010 d
010 _a52
011 _a1024
035 _a199
040 _cCHAP
090 _aTesis
100 0 0 _aSuárez Díaz, Margarita.
_9110686
245 1 0 _aUso del calostro fermentado y calostro acidificado en la alimentación de becerras Holsteín para reemplazo
_c/ por Margarita Suárez Díaz
260 _aMarín, N. L. :
_bEl autor,
_c1989
300 _a48 h.
_b; gráfs.
502 _aTesis (Ing. Agrónomo Zootecnista) -- Universidad Autónoma de Nuevo León. Fac. de Agronomía
590 _aALEPH
_b10
_c20130110
_lUCH01
_h1204
590 _aBATCH-UPD
_b10
_c20130110
_lUCH01
_h0144
590 _aBATCH-UPD
_b10
_c20130110
_lUCH01
_h1729
590 _aBATCH-UPD
_b10
_c20130409
_lUCH01
_h2143
590 _aBATCH-UPD
_b10
_c20130410
_lUCH01
_h1110
590 _aBATCH-UPD
_b10
_c20130914
_lUCH01
_h0551
590 _aCONVERSION
_b10
_c20130109
_lUCH01
_h1302
650 1 4 _aBecerros
_xAlimentación.
_911172
650 1 4 _aBecerros
_xNutrición.
_911184
650 1 4 _aCalostro
_xFermentación.
_917583
650 1 4 _aGanado lechero
_xAlimentación.
_945238
901 _aBK
942 _cTESIS
949 _aTesis
_bBC
_cTES
_d-9638
_eTS1
_h22214
_i199
_si
999 _c52
_d52